Die am häufigsten gehandelten Währungen - Statistiken

Allgemein
  • Dieses Quiz wurde 246 mal gespielt
  • Das Durchschnittsergebnis liegt bei 10 aus 20
Antwortstatistiken
Handelsvolumen Abkürzungen Antworten % Korrekt
30.5% Euro
100%
88.5% US$ US dollar
98%
12.9% £ Pfund/Sterling
89%
16.7% ¥ / 円 Yen
89%
5.2% CHF Franken
86%
2.2% kr Schwedische Krone
52%
6.4% A$ Australischer dollar
50%
1.7% NZ$ Neuseeländischer dollar
50%
6.2% C$ Kanadischer dollar
44%
0.7% kr Dänische Krone
42%
1.7% kr Norwegische krone
42%
2.6% HK$ Hong Kong dollar
38%
7% ¥ / 元 Renminbi
35%
1.6% Rupie
35%
1.9% ₩ / 원 Won
28%
1.5% $ Peso
25%
2.4% S$ Singapur dollar
19%
1.0% R Rand
13%
0.9% R$ Real
8%
1.1% NT$ Taiwan dollar
6%
Keine übereinstimmenden Quizze gefunden
Verteilung der Resultate
Anzahl Personen mit jedem Resultat
Perzentil nach korrekt beantworteten Fragen
Ihre Resultats-Entwicklung
Sie haben dieses Quiz noch nicht gespielt